Nuevos escenarios de la migración México-Estados Unidos: las consecuencias de la guerra antiinmigrante /
En el presente artículo se plantea el análisis de la dinámica de la migración mexicana, así como reconfiguración a través de las seis décadas del flujo migratorio entre Estados Unidos y México.
Guardat en:
| Autor principal: | |
|---|---|
| Altres autors: | , |
| Format: | Text |
| Matèries: | |
| Etiquetes: |
Afegir etiqueta
Sense etiquetes, Sigues el primer a etiquetar aquest registre!
|
MARC
| LEADER | 00000 a a2200000 04500 | ||
|---|---|---|---|
| 001 | 40578 | ||
| 003 | |||
| 040 | |||
| 100 | |a Massey, Douglas S. | ||
| 245 | |a Nuevos escenarios de la migración México-Estados Unidos: |b las consecuencias de la guerra antiinmigrante / |c Douglas S. Massey ; Jorge Durand ; Karen A. Pren | ||
| 500 | |a jdurand@princeton.edu | ||
| 520 | |a En el presente artículo se plantea el análisis de la dinámica de la migración mexicana, así como reconfiguración a través de las seis décadas del flujo migratorio entre Estados Unidos y México. | ||
| 590 | |a SJB/MAYO2012 | ||
| 650 | |a 1.MIGRACION INTERNACIONAL | ||
| 650 | |a 2.POLITICA MIGRATORIA | ||
| 650 | |a 3.DISCRIMINACION | ||
| 650 | |a 4.TRABAJADORES MIGRATORIOS | ||
| 650 | |a 5.MEXICO | ||
| 650 | |a 6.ESTADOS UNIDOS | ||
| 700 | |a Durand, Jorge | ||
| 700 | |a Pren, Karen A. | ||
| 773 | |g volumen15, número61 ( , 2009), páginas 101-128 : gráficos | ||
| 999 | |c 26240 |d 26240 | ||
